000 00472nam a2200181 a 4500
001 23258
005 20180713221312.0
008 140415s1974 mx 000 0 spa d
041 _aspa
082 _a621.381
_bBUC
100 1 _aBUCKWATER, LEN
245 1 0 _aINSTALACION DE BOCINAS ADICIONALES DE ALTA FIDELIDAD
250 _a1a ed.
260 _aMEXICO :
_bDIANA,
_c1974
300 _a127
650 1 4 _aELECTRONICA
700 1 _aGUISA, REINALDO
_etr.
999 _c23258
_d23258